UNIMARC v slovenskej bibliografii 1996

Metodický seminár UNIMARC v slovenskej bibliografii 1996 v máji v Bratislave.

Bibliographic Details
Main Author: Kucianová, Anna, 1955- (Author)
Format: Article
Language:Slovak

MARC

LEADER 00000nab a2200000 a 4500
001 vtls001500258
003 SK-MaSNL
005 20260304144019.0
008 250505s1996 xo 000 0 slo
035 |a SPKCL2995 
035 |a urn:nbn:sk:snk-ab1imv 
035 |a (urnnbn)urn:nbn:sk:snk:ar-0042j2 
035 |a (uuid)563656fa-06ab-4cab-a607-0d05e1b78548 
040 |a SNKBUCL  |b slo  |c SNKBUCL  |e AACR2 
041 0 |a slo 
044 |a xo  |c SK 
080 |a 015:681.3  |2 1981 
100 1 |a Kucianová, Anna,  |d 1955-  |4 aut  |9 100855 
245 1 0 |a UNIMARC v slovenskej bibliografii 1996  |c Anna Kucianová 
520 |a Metodický seminár UNIMARC v slovenskej bibliografii 1996 v máji v Bratislave. 
773 0 |t Knižnice a informácie  |g Roč. 28, č. 11 (1996) s. 477-478 
850 |a Slovenská národná knižnica 
852 |a Slovenská národná knižnica 
954 |a odborná, vedecká literatúra pôvodná (slovenská)  |2 lita 
958 |a article2022 
958 |a OND 
958 |a EUIPO 
999 |c 2928895  |d 2930825